[Event "EU-chT (Women) 23rd"]
[Site "Terme Catez"]
[Date "2021.11.16"]
[Round "5.2"]
[White "Caglar, Sila"]
[Black "Head, Louise"]
[Result "1-0"]
[WhiteElo "2250"]
[BlackElo "2069"]
[PlyCount "81"]
[EventDate "2021.11.12"]
[EventType "team-swiss"]
[EventRounds "9"]
[EventCountry "SLO"]
[SourceTitle "CBM 205"]
[Source "ChessBase"]
[SourceDate "2021.12.31"]
[SourceVersion "1"]
[SourceVersionDate "2021.12.31"]
[SourceQuality "1"]
[WhiteTeam "Turkey (W)"]
[BlackTeam "England (W)"]
[WhiteTeamCountry "TUR"]
[BlackTeamCountry "ENG"]

1. e4 c6 2. d4 d5 3. exd5 cxd5 4. c4 Nf6 5. Nc3 Be6 6. Bg5 dxc4 7. Bxf6 exf6 8. d5 Bc8 9. Bxc4 Bd6 10. Qe2+ Kf8 11. 0-0-0 g6 12. h4 h5 13. f3 Nd7 14. Nh3 a6 15. Bb3 f5 16. Qf2 b5 17. f4 Bc5 18. Qd2 Bd6 19. g3 Kg7 20. Ng5 Nc5 21. Bc2 Qf6 22. Rhe1 b4 23. Ne2 Bb7 24. Kb1 Rhd8 25. Qxb4 Nd3 26. Qxb7 Nxe1 27. Ne6+ Kh8 28. Nxd8 Rb8 29. Nxf7+ Kg8 30. Nxd6 Qxd6 31. Qc6 Qb4 32. Qxg6+ Kh8 33. Qxh5+ Kg7 34. Qg5+ Kh8 35. Qf6+ Kg8 36. Qc3 Nxc2 37. Qxc2 a5 38. d6 a4 39. d7 Qb6 40. Nc3 Kg7 41. Nxa4 1-0

[Event "British OTB-ch"]
[Site "Hull"]
[Date "2021.10.09"]
[Round "8"]
[White "Head, Louise"]
[Black "Olson, Hamish"]
[Result "0-1"]
[WhiteElo "2090"]
[BlackElo "2273"]
[PlyCount "200"]
[EventDate "2021.10.02"]
[EventType "swiss"]
[EventRounds "9"]
[EventCountry "ENG"]
[SourceTitle "EXT 2022"]
[Source "ChessBase"]
[SourceDate "2021.10.06"]
[SourceVersion "1"]
[SourceVersionDate "2021.10.06"]
[SourceQuality "1"]

1. d4 d5 2. c4 e6 3. Nc3 Nf6 4. Bg5 Be7 5. e3 0-0 6. Qc2 Nbd7 7. cxd5 exd5 8. Bd3 Re8 9. Nf3 c6 10. 0-0 h6 11. Bh4 Ne4 12. Bxe7 Qxe7 13. b4 a6 14. a4 Ndf6 15. b5 axb5 16. axb5 Rxa1 17. Rxa1 c5 18. dxc5 Nxc5 19. Be2 Be6 20. Rc1 Rc8 21. Qd1 Qe8 22. h3 Ncd7 23. Na4 Ne4 24. Nd4 Ndf6 25. Bd3 Qd8 26. Rxc8 Bxc8 27. Qc2 g6 28. Nc5 Nd6 29. Ncb3 Kg7 30. Qc5 b6 31. Qc2 Nfe4 32. Nc6 Qf6 33. Nbd4 Nc5 34. Bf1 Bf5 35. Qa2 Bd3 36. Qxd5 Bxf1 37. Kxf1 Nxb5 38. Qf3 Nc3 39. Qxf6+ Kxf6 40. Ke1 h5 41. f3 g5 42. g3 Nd5 43. Ke2 Nc7 44. e4 Nd7 45. f4 gxf4 46. gxf4 b5 47. Ke3 Nb6 48. h4 Nd7 49. e5+ Kg6 50. f5+ Kg7 51. Kf4 Nd5+ 52. Kg5 f6+ 53. exf6+ N7xf6 54. Ne6+ Kf7 55. Kh6 b4 56. Nxb4 Nxb4 57. Nf4 Nc6 58. Nxh5 Ne4 59. Nf4 Nd4 60. Nh3 Kf6 61. Kh7 Nxf5 62. Nf4 Kf7 63. Nd5 Neg3 64. Nf4 Ne4 65. Nd5 Nc5 66. Nf4 Nd7 67. h5 Nf6+ 68. Kh8 Nh6 69. Ne6 Kxe6 70. Kg7 Nfg4 71. Kg6 Kd5 72. Kg5 Ke5 73. Kg6 Kf4 74. Kg7 Kf5 75. Kf8 Ke6 76. Kg7 Kf5 77. Kf8 Kf6 78. Ke8 Ke6 79. Kd8 Ne5 80. Kc7 Kd5 81. Kb6 Kc4 82. Kc7 Kc5 83. Kb7 Nd7 84. Kc7 Nb6 85. Kb7 Nd5 86. Ka6 Kb4 87. Kb7 Kb5 88. Ka7 Nf4 89. Kb7 Ne6 90. Ka7 Nc5 91. Kb8 Kc6 92. Kc8 Nb7 93. Kb8 Nd6 94. Ka7 Kb5 95. Ka8 Kb6 96. Kb8 Nhf7 97. h6 Ne5 98. h7 Nc6+ 99. Ka8 Nb5 100. h8Q Nc7# 0-1

[Event "British OTB-ch"]
[Site "Hull"]
[Date "2021.10.04"]
[Round "3"]
[White "Head, Louise"]
[Black "Eggleston, David"]
[Result "0-1"]
[WhiteElo "2090"]
[BlackElo "2356"]
[PlyCount "60"]
[EventDate "2021.10.02"]
[EventType "swiss"]
[EventRounds "9"]
[EventCountry "ENG"]
[SourceTitle "EXT 2022"]
[Source "ChessBase"]
[SourceDate "2021.10.06"]
[SourceVersion "1"]
[SourceVersionDate "2021.10.06"]
[SourceQuality "1"]

1. d4 Nf6 2. c4 e6 3. Nf3 Bb4+ 4. Nbd2 0-0 5. a3 Be7 6. Qc2 d6 7. e4 Nbd7 8. e5 dxe5 9. dxe5 Ng4 10. Qe4 f5 11. exf6 Ndxf6 12. Qd4 Qxd4 13. Nxd4 e5 14. N4b3 a5 15. a4 e4 16. Nd4 Rd8 17. h3 Rxd4 18. hxg4 Bxg4 19. f3 Bb4 20. Ke2 exf3+ 21. gxf3 Re8+ 22. Kf2 Bxd2 23. fxg4 Nxg4+ 24. Kg1 Re1 25. Bxd2 Rxa1 26. Rh4 Rxd2 27. Rxg4 Rxb2 28. c5 Rbb1 29. Rf4 g5 30. Rf5 Rxf1+ 0-1

[Event "Online Olym Div Top-D"]
[Site "Chess.com INT"]
[Date "2021.09.09"]
[Round "4.3"]
[White "Head, Louise"]
[Black "Krush, Irina"]
[Result "0-1"]
[WhiteElo "2090"]
[BlackElo "2429"]
[PlyCount "110"]
[EventDate "2021.09.08"]
[EventType "team (rapid)"]
[EventRounds "9"]
[EventCountry "USA"]
[SourceTitle "CBM 204 Extra"]
[Source "ChessBase"]
[SourceDate "2021.11.30"]
[SourceVersion "1"]
[SourceVersionDate "2021.11.30"]
[SourceQuality "1"]
[WhiteTeam "England"]
[BlackTeam "United States"]
[WhiteTeamCountry "ENG"]
[BlackTeamCountry "USA"]

1. d4 d5 2. c4 dxc4 3. e3 Nf6 4. Bxc4 e6 5. Qe2 a6 6. Nf3 b5 7. Bd3 c5 8. a4 b4 9. Nbd2 Nbd7 10. 0-0 Bb7 11. Nb3 cxd4 12. exd4 Bd6 13. Bg5 h6 14. Bh4 Qb8 15. Bg3 Bxg3 16. hxg3 a5 17. Rac1 0-0 18. Nc5 Bxf3 19. gxf3 Qd6 20. Rfd1 Rfc8 21. Ne4 Qb6 22. Bc4 Rc7 23. b3 Rac8 24. Ra1 Nd5 25. Rd2 N7f6 26. Re1 Rd8 27. Nc5 Nc3 28. Qe5 Nfd5 29. f4 Re7 30. Qh5 Qd6 31. f5 exf5 32. Rxe7 Qxe7 33. Nd3 Qg5 34. Qxg5 hxg5 35. Ne5 Rd6 36. Kg2 f6 37. Nd3 Kf8 38. Nc5 Ne4 39. Rd1 Nxc5 40. dxc5 Ne3+ 41. fxe3 Rxd1 42. c6 Ke7 43. c7 Kd7 44. Be6+ Kxc7 45. Bxf5 Kd6 46. Bg6 Ke5 47. Kf3 Rd2 48. g4 Rb2 49. Bf7 g6 50. Bc4 f5 51. Bf7 f4 52. Bc4 Rc2 53. exf4+ gxf4 54. g5 Rxc4 55. bxc4 b3 0-1

[Event "Checkmate Covid Rematch"]
[Site "Chess.com INT"]
[Date "2021.06.06"]
[Round "?"]
[White "Arkell, Keith C"]
[Black "Head, Louise"]
[Result "1-0"]
[WhiteElo "2381"]
[BlackElo "2090"]
[PlyCount "61"]
[EventDate "2021.06.05"]
[EventType "swiss (blitz)"]
[EventRounds "20"]
[EventCountry "ENG"]
[SourceTitle "CBM 202 Extra"]
[Source "ChessBase"]
[SourceDate "2021.07.31"]
[SourceVersion "1"]
[SourceVersionDate "2021.07.31"]
[SourceQuality "1"]

1. d4 d5 2. Nf3 Nf6 3. c4 dxc4 4. e3 c5 5. Bxc4 e6 6. dxc5 Qxd1+ 7. Kxd1 Bxc5 8. Ke2 a6 9. a3 b5 10. Ba2 b4 11. axb4 Bxb4 12. Bd2 Nc6 13. Bxb4 Nxb4 14. Nc3 a5 15. Bc4 Ke7 16. Rhc1 Rd8 17. Nd4 Bd7 18. f3 e5 19. Nb3 a4 20. Nc5 Be8 21. N5xa4 Rab8 22. Nc5 Rdc8 23. Ra7+ Kf8 24. Ra5 Nc6 25. Ra2 Nd4+ 26. exd4 exd4 27. N3e4 Nxe4 28. Nxe4 Rxc4 29. Rxc4 Bb5 30. b3 Bxc4+ 31. bxc4 1-0

[Event "Checkmate Covid Rematch"]
[Site "Chess.com INT"]
[Date "2021.06.06"]
[Round "?"]
[White "Arkell, Keith C"]
[Black "Head, Louise"]
[Result "1-0"]
[WhiteElo "2381"]
[BlackElo "2090"]
[PlyCount "103"]
[EventDate "2021.06.05"]
[EventType "swiss (blitz)"]
[EventRounds "20"]
[EventCountry "ENG"]
[SourceTitle "CBM 202 Extra"]
[Source "ChessBase"]
[SourceDate "2021.07.31"]
[SourceVersion "1"]
[SourceVersionDate "2021.07.31"]
[SourceQuality "1"]

1. d4 d5 2. Nf3 Nf6 3. c4 dxc4 4. e3 e6 5. Bxc4 c5 6. Nc3 Nc6 7. d5 exd5 8. Nxd5 Be6 9. Nxf6+ Qxf6 10. Bxe6 Qxe6 11. 0-0 Be7 12. Bd2 Bf6 13. Bc3 Bxc3 14. bxc3 0-0 15. Qb3 Qe7 16. Rad1 Rfd8 17. h3 h6 18. a4 b6 19. Qb5 Ne5 20. Nxe5 Qxe5 21. c4 Qc7 22. a5 Rab8 23. axb6 axb6 24. g3 Rd6 25. Rxd6 Qxd6 26. Rb1 Kf8 27. h4 Ke7 28. Qa6 Qc7 29. Qa1 f6 30. Qb2 Rb7 31. Qc2 Qc6 32. Qg6 Kf8 33. Qd3 Rd7 34. Rxb6 Qxb6 35. Qxd7 Qb1+ 36. Kh2 Qc2 37. Qd6+ Kf7 38. Qd5+ Kf8 39. Kg2 Ke8 40. Qxc5 Qe4+ 41. Kh2 Qf3 42. Qb5+ Ke7 43. Qb2 g5 44. hxg5 hxg5 45. Qc2 Kd6 46. Kg1 Kc5 47. Qd3 f5 48. Qd4+ Kc6 49. Qf6+ Kc5 50. Qxg5 Kxc4 51. Qf4+ Qxf4 52. exf4 1-0